Histoire du romanticisme en France / (Registro nro. 172047)
[ vista simple ]
| 000 -LEADER | |
|---|---|
| campo de control de longitud fija | 00427nam a22001455i 4500 |
| 001 - NÚMERO DE CONTROL | |
| campo de control | 172047 |
| 003 - IDENTIFICADOR DE NÚMERO DE CONTROL | |
| campo de control | ES-MaACL |
| 005 - FECHA Y HORA DE LA ÚLTIMA TRANSACCIÓN | |
| campo de control | 20230906214813.0 |
| 008 - DATOS DE LONGITUD FIJA--INFORMACIÓN GENERAL | |
| campo de control de longitud fija | 090612s1927 fr |||| | fre d |
| 100 1# - ENTRADA PRINCIPAL--NOMBRE DE PERSONA | |
| Nombre de persona | Souriau, Maurice. |
| 9 (RLIN) | 140649 |
| 245 10 - MENCIÓN DEL TÍTULO | |
| Título | Histoire du romanticisme en France / |
| Mención de responsabilidad, etc. | Maurice Souriau. |
| 260 ## - PUBLICACIÓN, DISTRIBUCIÓN, ETC. | |
| Lugar de publicación, distribución, etc. | Paris : |
| Nombre del editor, distribuidor, etc. | [s.n.], |
| Fecha de publicación, distribución, etc. | 1927 ( |
| Lugar de fabricación/manufactura | Bourges : |
| Fabricante | A. Tardy) |
| 300 ## - DESCRIPCIÓN FÍSICA | |
| Extensión | 3 v. ; |
| Dimensiones | 25 cm. |
| 852 ## - LOCALIZACIÓN | |
| Ubicación | ES-MaACL |
| Número de control de estantería | B-1333-35 |
| Estatus retirado | Estado de pérdida | Estado de daño | No para préstamo | Biblioteca de origen | Biblioteca actual | Ubicación en estantería | Fecha de adquisición | Fuente de adquisición | Total de préstamos | Signatura topográfica completa | Código de barras | Visto por última vez | Precio de reemplazo | Tipo de ítem Koha |
|---|---|---|---|---|---|---|---|---|---|---|---|---|---|---|
| Biblioteca del Ateneo de Madrid | Biblioteca del Ateneo de Madrid | Sala Pardo Bazán | 12/06/2009 | B-1333-35 | 1180552 | 23/02/2023 | 23/02/2023 | Libro impreso |
